San Diego Business Journal (Registro nro. 164007)
[ vista simple ]
| 000 -LEADER | |
|---|---|
| fixed length control field | 00982nam a22002417a 4500 |
| 007 - PHYSICAL DESCRIPTION FIXED FIELD--GENERAL INFORMATION | |
| fixed length control field | cr|||| ||u| |
| 008 - FIXED-LENGTH DATA ELEMENTS--GENERAL INFORMATION | |
| fixed length control field | 151109s19852015-usd|||o |||| 0|||a1eng d |
| 022 ## - | |
| -- | 8750-6890 |
| 035 ## - | |
| -- | 2843 |
| 040 ## - CATALOGING SOURCE | |
| Original cataloging agency | vLex |
| 090 ## - | |
| -- | 5677 |
| -- | 5677 |
| 245 10 - TITLE STATEMENT | |
| Title | San Diego Business Journal |
| Medium | [Recurso electrónico] / |
| Statement of responsibility, etc | CBJ, L.P. |
| 256 ## - | |
| -- | Servicio en línea |
| 260 ## - PUBLICATION, DISTRIBUTION, ETC. (IMPRINT) | |
| Place of publication, distribution, etc | Estados Unidos |
| Name of publisher, distributor, etc | CBJ, L.P. |
| Date of publication, distribution, etc | 1985 - 2015 |
| 300 ## - PHYSICAL DESCRIPTION | |
| Extent | 1 recurso electrónico |
| 310 ## - | |
| -- | Diaria |
| 506 1# - RESTRICTIONS ON ACCESS NOTE | |
| Terms governing access | Contenido solo disponible en los productos indicados |
| Authorized users | vLex Global |
| -- | vLex Global (Academic Edition, excluding Law Schools) |
| -- | vLex Global (U.S. Academic Edition, Law Schools) |
| -- | vLex Global (U.S. Academic Edition, excluding Law Schools) |
| -- | vLex Global (Academic Edition, Law Schools) |
| 650 04 - SUBJECT ADDED ENTRY--TOPICAL TERM | |
| Topical term or geographic name as entry element | Diarios |
| Geographic subdivision | Estados Unidos |
| 740 0# - | |
| -- | vLex revista (servicio en línea) |
| 856 40 - LOCALIZACIÓN Y ACCESO ELECTRÓNICO | |
| Identificador Uniforme del Recurso (URI/URL) | https://app.vlex.com/#/sources/san-diego-business-journal-2843 |
| 942 ## - | |
| -- | RAA |
| 999 ## - | |
| -- | 164007 |
| -- | 164007 |
No hay ítems disponibles.